000 00634nam a2200241Ia 4500
003 OSt
005 20220924151227.0
006 a|||||r|||| 00| 0
007 ta
008 220923b |||||||| |||| 00| 0 tel d
020 _c65
024 _a336670
037 _cTextual
040 _aARTS
_cARTS
_btel
041 _2tel
_atel
082 _aO35,3NRAM4,89, N8
100 _aRao Suryadevara Ram Mohan
_9223803
245 0 _aChikkaledu chinnadani aachuki
260 _c1998
650 _aTELUGU FICTION
942 _hO35,3NRAM4,89, N8
_cTEXL
_2CC
999 _c465886
_d465886